<?xml version="1.0" encoding="UTF-8"?><?xml-stylesheet type="text/xsl" href="static/style.xsl"?><OAI-PMH xmlns="http://www.openarchives.org/OAI/2.0/" xmlns:xsi="http://www.w3.org/2001/XMLSchema-instance" xsi:schemaLocation="http://www.openarchives.org/OAI/2.0/ http://www.openarchives.org/OAI/2.0/OAI-PMH.xsd"><responseDate>2026-06-29T02:13:28Z</responseDate><request verb="GetRecord" identifier="oai:docta.ucm.es:20.500.14352/115130" metadataPrefix="marc">https://docta.ucm.es/rest/oai/request</request><GetRecord><record><header><identifier>oai:docta.ucm.es:20.500.14352/115130</identifier><datestamp>2025-03-18T11:58:23Z</datestamp><setSpec>com_20.500.14352_14</setSpec><setSpec>col_20.500.14352_15</setSpec></header><metadata><record xmlns="http://www.loc.gov/MARC21/slim" xmlns:dcterms="http://purl.org/dc/terms/" xmlns:xsi="http://www.w3.org/2001/XMLSchema-instance" xmlns:doc="http://www.lyncode.com/xoai" xsi:schemaLocation="http://www.loc.gov/MARC21/slim http://www.loc.gov/standards/marcxml/schema/MARC21slim.xsd">
   <leader>00925njm 22002777a 4500</leader>
   <datafield ind2=" " ind1=" " tag="042">
      <subfield code="a">dc</subfield>
   </datafield>
   <datafield ind2=" " ind1=" " tag="720">
      <subfield code="a">Joigneau Prieto, Laura</subfield>
      <subfield code="e">author</subfield>
   </datafield>
   <datafield ind2=" " ind1=" " tag="720">
      <subfield code="a">Ruíz, Yolanda</subfield>
      <subfield code="e">author</subfield>
   </datafield>
   <datafield ind2=" " ind1=" " tag="720">
      <subfield code="a">Pérez, Laura</subfield>
      <subfield code="e">author</subfield>
   </datafield>
   <datafield ind2=" " ind1=" " tag="720">
      <subfield code="a">Bravo Arribas, Coral</subfield>
      <subfield code="e">author</subfield>
   </datafield>
   <datafield ind2=" " ind1=" " tag="720">
      <subfield code="a">Aguado, Alejandra</subfield>
      <subfield code="e">author</subfield>
   </datafield>
   <datafield ind2=" " ind1=" " tag="720">
      <subfield code="a">Álvarez Mon, Melchor</subfield>
      <subfield code="e">author</subfield>
   </datafield>
   <datafield ind2=" " ind1=" " tag="720">
      <subfield code="a">Ortega, Miguel Ángel</subfield>
      <subfield code="e">author</subfield>
   </datafield>
   <datafield ind2=" " ind1=" " tag="720">
      <subfield code="a">Marín Rodríguez, Carlos</subfield>
      <subfield code="e">author</subfield>
   </datafield>
   <datafield ind2=" " ind1=" " tag="720">
      <subfield code="a">León Luis, Juan Antonio</subfield>
      <subfield code="e">author</subfield>
   </datafield>
   <datafield ind2=" " ind1=" " tag="260">
      <subfield code="c">2022-05-26</subfield>
   </datafield>
   <datafield ind2=" " ind1=" " tag="520">
      <subfield code="a">Aim
To assess the reproducibility of brainstem-vermis (BV) and brainstem-tentorium (BT) angles measured by fetal Magnetic Resonance Imaging (MRI) during second half of pregnancy in normal and abnormal fetuses. Secondly, to assess reproducibility of two alternative methodologies to measure the brainstem-tentorium angle (BT1 and BT2) proposed by our group that could be more reliable in fetuses with posterior fossa fluid collection (PFFC) anomalies. Finally, to describe the evolution of BV and BT angles along gestation in normal fetuses.

Methods
We conducted a cross-sectional study of BV and BT angles obtained by MRI performed at our center, in 22 fetuses with PFFC and 8 fetuses without PFFC to calculate both angles’ reproducibility and the correlation between them and the gestational age.

Results
We found good interobserver reproducibility for the BV, BT1 and BT2 angles (Intraclass correlation coefficient: 0.98; 0.89 and 0.88 for each of these angles, with p &amp;lt; 0.001). In patients with PFFC the BT angle could not always be measured. BT angle presented a positive relationship with gestational age (p = 0.002) but BV angle stayed stable. The measurements of BV, BT1, and BT2 angles can be reliably performed by MRI with good interobserver reproducibility.

Conclusion
BV angle stays stable during pregnancy, whereas BT angle tends to augment with gestational age.</subfield>
   </datafield>
   <datafield ind1="8" ind2=" " tag="024">
      <subfield code="a">Prieto LJ, Ruiz Y, Pérez L, Bravo C, Aguado A, Alvarez-Mon M, Ortega MA, Marín C, De León-Luis J. The Brainstem-Vermis and Brainstem-Tentorium Angles in the Fetus: A Study of Their Reproducibility by Fetal Magnetic Resonance Imaging and Their Evolution Along the Gestation. Front Med (Lausanne). 2022 May 26;9:878906</subfield>
   </datafield>
   <datafield ind1="8" ind2=" " tag="024">
      <subfield code="a">2296-858X</subfield>
   </datafield>
   <datafield ind1="8" ind2=" " tag="024">
      <subfield code="a">10.3389/fmed.2022.878906</subfield>
   </datafield>
   <datafield ind1="8" ind2=" " tag="024">
      <subfield code="a">https://hdl.handle.net/20.500.14352/115130</subfield>
   </datafield>
   <datafield ind1="8" ind2=" " tag="024">
      <subfield code="a">https://doi.org/10.3389/fmed.2022.878906</subfield>
   </datafield>
   <datafield ind1="8" ind2=" " tag="024">
      <subfield code="a">https://www.frontiersin.org/journals/medicine/articles/10.3389/fmed.2022.878906/full</subfield>
   </datafield>
   <datafield ind2="0" ind1="0" tag="245">
      <subfield code="a">The Brainstem-Vermis and Brainstem-Tentorium Angles in the Fetus: A Study of Their Reproducibility by Fetal Magnetic Resonance Imaging and Their Evolution Along the Gestation</subfield>
   </datafield>
</record></metadata></record></GetRecord></OAI-PMH>